[Event "Chigorin Mem Open"]
[Site "St Petersburg RUS"]
[Date "2001.10.31"]
[Round "6"]
[White "Inarkiev,E"]
[Black "Najer,E"]
[Result "1/2-1/2"]
[WhiteElo "2491"]
[BlackElo "2599"]

1.d4 d5 2.c4 c6 3.Nf3 Nf6 4.e3 a6 5.Bd3 Bg4 6.b3 Nbd7 7.Bb2 e6 8.Nbd2 Bb4
9.a3 Bd6 10.Qc2 Qc7 11.c5 Be7 12.b4 Bh5 13.h3 Bg6 14.O-O O-O 15.Bxg6 hxg6
16.Bc3 Nh7 17.Ne5 Qd8 18.Rab1 Nhf6 19.Rb3 Ne8 20.a4 Nc7 21.Nd3 Nf6 22.Ne5 Nd7
23.Nd3 Nf6 24.Nb1 g5 25.Qe2 Nd7 26.Na3 b5 27.cxb6 Nxb6 28.Nb2  1/2-1/2

[Event "Anibal Open"]
[Site "Linares ESP"]
[Date "2002.03.03"]
[Round "3"]
[White "Najer,E"]
[Black "Ortega Hermida,D"]
[Result "1-0"]
[WhiteElo "2599"]
[BlackElo "2240"]

1.d4 Nf6 2.Nf3 g6 3.c4 c5 4.dxc5 Bg7 5.Nc3 Qa5 6.Nd2 Qxc5 7.e4 O-O 8.Be2 d6
9.O-O Nc6 10.Nb3 Qb6 11.Be3 Qd8 12.Rc1 Nd7 13.Qd2 a5 14.Rcd1 a4 15.Nd4 Qa5
16.Ndb5 Nc5 17.f4 Rd8 18.Qe1 Nb4 19.Qh4 Nc2 20.Bxc5 dxc5 21.Qxe7 Bd4+ 22.Nxd4 cxd4
23.Nd5 Be6 24.Nf6+ Kg7 25.f5 Bxf5 26.exf5 d3 27.Bxd3  1-0

[Event "Anibal Open"]
[Site "Linares ESP"]
[Date "2002.03.06"]
[Round "6"]
[White "Perez Candelario,M"]
[Black "Najer,E"]
[Result "1/2-1/2"]
[WhiteElo "2389"]
[BlackElo "2599"]

1.e4 c5 2.Nf3 d6 3.d4 cxd4 4.Nxd4 Nf6 5.Nc3 a6 6.Be3 e6 7.f3 b5 8.g4 h6 9.Qd2 Nbd7
10.O-O-O Bb7 11.h4 b4 12.Na4 Qa5 13.b3 Nc5 14.a3 Nxa4 15.axb4 Qc7 16.bxa4 d5
17.e5 Nd7 18.f4 Nb6 19.f5 Nxa4  1/2-1/2

[Event "Anibal Open"]
[Site "Linares ESP"]
[Date "2002.03.07"]
[Round "7"]
[White "Najer,E"]
[Black "Murdzia,P"]
[Result "1-0"]
[WhiteElo "2599"]
[BlackElo "2401"]

1.e4 c5 2.Nc3 d6 3.Nf3 Nf6 4.d4 cxd4 5.Nxd4 e6 6.f4 a6 7.Qf3 Qc7 8.g4 Nc6
9.Nxc6 bxc6 10.g5 Nd7 11.Bd2 Be7 12.O-O-O Rb8 13.h4 Qb7 14.b3 Nc5 15.f5 a5
16.Bf4 Qb4 17.Kb2 O-O 18.f6 gxf6 19.gxf6 Bxf6 20.Rg1+ Kh8 21.e5 Qxf4 22.Qxf4 Bxe5
23.Qh6 Re8 24.Re1 Na4+ 25.Kc1 Bxc3 26.bxa4 Bd7 27.Rg3 Bb2+ 28.Kd2 Rg8 29.Bd3 f5
30.Bxf5 exf5 31.Re7  1-0

[Event "Richard Aronow Mem"]
[Site "Philadelphia USA"]
[Date "2002.07.12"]
[Round "1"]
[White "Najer,E"]
[Black "Gersov,E"]
[Result "1-0"]
[WhiteElo "2585"]
[BlackElo "2351"]

1.d4 d5 2.c4 e6 3.Nc3 Nf6 4.Nf3 c6 5.Bg5 Be7 6.e3 O-O 7.Qc2 Nbd7 8.O-O-O dxc4
9.Bxc4 b5 10.Bd3 Bb7 11.Ne5 g6 12.h4 Rc8 13.Bh6 Re8 14.h5 Nf8 15.Bxf8 Bxf8
16.hxg6 fxg6 17.Bxg6 Re7 18.Bxh7+ Rxh7 19.Rxh7  1-0

[Event "Richard Aronow Mem"]
[Site "Philadelphia USA"]
[Date "2002.07.20"]
[Round "8"]
[White "Najer,E"]
[Black "Adu,O"]
[Result "1-0"]
[WhiteElo "2585"]
[BlackElo "2263"]

1.e4 c5 2.Nc3 d6 3.Nf3 a6 4.d4 cxd4 5.Nxd4 e6 6.Bd3 Be7 7.O-O Nf6 8.Kh1 b5
9.a3 Bb7 10.f4 Nbd7 11.Qf3 Rc8 12.Bd2 O-O 13.Rae1 Rc5 14.b4 Rc7 15.Qh3 g6
16.e5 Ne8 17.Nf3 dxe5 18.fxe5 Ng7 19.Ne4 h5 20.Bh6 Bd5 21.Qg3 Nf5 22.Qf4 Re8
23.Nd6 Bxd6 24.exd6 Rc8 25.Bxf5 Rc4 26.Qd2 gxf5 27.Nd4 Qf6 28.Nxf5 Kh7 29.Ne3 Qg6
30.Nxd5 exd5 31.Rxe8 Nf6 32.Re2 Ne4 33.Qxd5 Nc3 34.Rxf7+ Kxh6 35.Qd2+ Qg5
36.Re6+  1-0

[Event "10th Chigorin Mem"]
[Site "St Petersburg RUS"]
[Date "2002.10.25"]
[Round "1"]
[White "Solovjov,S"]
[Black "Najer,E"]
[Result "0-1"]
[WhiteElo "2467"]
[BlackElo "2579"]

1.e4 e5 2.Nf3 Nc6 3.Nc3 Nf6 4.g3 Bc5 5.Bg2 d6 6.d3 a6 7.O-O Nd4 8.Nxd4 Bxd4
9.Be3 Bxe3 10.fxe3 c6 11.Qf3 Be6 12.h3 h5 13.Rad1 Qc8 14.Na4 Bxh3 15.Nb6 Qd8
16.Bxh3 Qxb6 17.d4 Qxb2 18.Rb1 Qxc2 19.dxe5 dxe5 20.Bd7+ Kxd7 21.Qf5+ Ke8
22.Rxb7 Kf8 23.Rfb1 Re8 24.Rb8 h4  0-1

[Event "10th Chigorin Mem"]
[Site "St Petersburg RUS"]
[Date "2002.10.31"]
[Round "6"]
[White "Najer,E"]
[Black "Timofeev,Ar"]
[Result "1/2-1/2"]
[WhiteElo "2579"]
[BlackElo "2558"]

1.d4 Nf6 2.c4 g6 3.Nc3 d5 4.Nf3 Bg7 5.Qb3 dxc4 6.Qxc4 O-O 7.e4 a6 8.Be2 b5
9.Qb3 c5 10.dxc5 Bb7 11.O-O Nxe4 12.Nxe4 Bxe4 13.Bf4 Nc6 14.Rad1 Qc8 15.Qe3 Bf5
16.Ne5 Bxe5 17.Bxe5 Qe6 18.Bf4 Rac8 19.Bf3 Bg4 20.Qxe6 Bxe6 21.a3 a5 22.Be2 Nb4
23.Bh6 Na2 24.Bxf8 Kxf8 25.Bxb5 Nc3 26.Ba6 Rxc5 27.Rd8+ Kg7 28.Rb8 Na2 29.Rb7 Bd5
30.Rxe7 Bb3 31.Rfe1 a4 32.Ra7 Nb4 33.Bf1 Nc2 34.Rc1 Rd5 35.Rc7 Rd2 36.Rc3 Nd4
37.Ra1 Nc2 38.Rc1 Nd4 39.Ra1 Nc2 40.Rb1 Nd4 41.h3 h5 42.h4  1/2-1/2

[Event "X Anibal Open"]
[Site "Linares ESP"]
[Date "2003.03.08"]
[Round "9"]
[White "Riazantsev,A"]
[Black "Najer,E"]
[Result "1/2-1/2"]
[WhiteElo "2538"]
[BlackElo "2585"]

1.d4 Nf6 2.c4 g6 3.Nc3 d5 4.Bf4 Bg7 5.e3 c5 6.dxc5 Qa5 7.Rc1 dxc4 8.Bxc4 O-O
9.Ne2 Qxc5 10.Qb3 Qa5 11.O-O Nc6 12.h3 Ne5 13.Nd5 Nxd5 14.Bxd5 e6 15.Be4 Bd7
16.Qxb7 Rab8 17.Qc7 Qxc7 18.Rxc7 Bb5 19.Re1 Bd3 20.Bb7 Bf6 21.Nd4 Bd8 22.Rec1 f6
23.Bc8 Bxc7 24.Bxe6+ Kh8 25.Rxc7 g5 26.Bxe5 fxe5 27.Nc6 Rxb2 28.Nxe5 Rfxf2
29.Rc8+ Kg7 30.Rc7+ Kh8 31.Rc8+ Kg7 32.Rc7+  1/2-1/2

[Event "4th IECC"]
[Site "Istanbul TUR"]
[Date "2003.05.31"]
[Round "2"]
[White "Najer,E"]
[Black "Glek,I"]
[Result "1/2-1/2"]
[WhiteElo "2606"]
[BlackElo "2551"]

1.e4 e6 2.d4 d5 3.Nc3 Nf6 4.Bg5 Bb4 5.e5 h6 6.Bc1 Ne4 7.Qg4 g6 8.Ne2 Nxc3
9.bxc3 Be7 10.Nf4 c5 11.Bb5+ Nc6 12.a4 cxd4 13.cxd4 Bd7 14.O-O Qc7 15.Ba3 O-O-O
16.Bxe7 Nxe7 17.Nd3 Nc6 18.Qf4 g5 19.Qe3 b6 20.Rfb1 Na5 21.Qe1 Bxb5 22.axb5 Kd7
23.Ra3 Rc8 24.h3 Ke8 25.Kh2 f5 26.Rba1 Kf7 27.Nc5 Qe7 28.Rxa5 bxa5 29.Rxa5 Rxc5
30.dxc5 Qxc5 31.Qa1 Ra8 32.Ra6 f4 33.Rc6 Qxb5  1/2-1/2

[Event "4th IECC"]
[Site "Istanbul TUR"]
[Date "2003.06.03"]
[Round "5"]
[White "Spasov,V"]
[Black "Najer,E"]
[Result "0-1"]
[WhiteElo "2555"]
[BlackElo "2606"]

1.e4 c5 2.Nf3 d6 3.d4 cxd4 4.Nxd4 Nf6 5.Nc3 a6 6.Be3 e5 7.Nf3 Qc7 8.a4 Be7
9.Bg5 Nbd7 10.Nd2 O-O 11.Bc4 h6 12.Bh4 g5 13.Bg3 Nb6 14.Bb3 Bg4 15.f3 Be6
16.O-O Bxb3 17.cxb3 d5 18.a5 Nbd7 19.exd5 Nxd5 20.Nc4 Nb4 21.Kh1 Qc6 22.Qe2 Qe6
23.Nxe5 Nxe5 24.Qxe5 Qxe5 25.Bxe5 Rfd8 26.Na4 Rac8 27.Bc3 Nd3 28.Kg1 h5 29.Rfd1 g4
30.Kf1 Rc6 31.Rd2 Bg5 32.Rc2 Rg6 33.fxg4 hxg4 34.Rd1 g3 35.h3 Rd5 36.Re2 Re6
37.Rxe6 fxe6 38.Be1 Rf5+ 39.Ke2 Nc1+ 40.Rxc1 Bxc1 41.b4 Re5+ 42.Kf1 Rf5+
43.Ke2 Re5+ 44.Kf1 Re3 45.Nc5 Bxb2 46.Nxb7 Bd4 47.Nd6 Bc3 48.Bxc3 Rxc3 49.Ne4 Rc2
50.Nxg3 Rc4 51.Ke2 Rxb4 52.Ke3 Ra4 53.Ne4 Rxa5 54.h4 Rb5  0-1

[Event "56th ch-RUS"]
[Site "Krasnoyarsk RUS"]
[Date "2003.09.04"]
[Round "2"]
[White "Vorobiov,E"]
[Black "Najer,E"]
[Result "1/2-1/2"]
[WhiteElo "2547"]
[BlackElo "2608"]

1.d4 d5 2.c4 c6 3.Nc3 Nf6 4.cxd5 cxd5 5.Nf3 a6 6.Bf4 Nc6 7.e3 Bg4 8.Be2 e6
9.O-O Be7 10.h3 Bh5 11.Ne5 Bxe2 12.Qxe2 Rc8 13.Rfc1 O-O 14.Nxc6  1/2-1/2

[Event "56th ch-RUS"]
[Site "Krasnoyarsk RUS"]
[Date "2003.09.10"]
[Round "7"]
[White "Najer,E"]
[Black "Timofeev,Ar"]
[Result "1-0"]
[WhiteElo "2608"]
[BlackElo "2575"]

1.d4 d5 2.c4 e6 3.Nc3 c6 4.e4 Bb4 5.Bd2 dxc4 6.Bxc4 Qxd4 7.Qe2 b5 8.Bb3 Nf6
9.Nf3 Qb6 10.O-O Nbd7 11.Rfe1 Bxc3 12.Bxc3 b4 13.Bxf6 Nxf6 14.e5 Ba6 15.Qc2 Nd5
16.Qe4 Rd8 17.Rac1 h6 18.h4 Ne7 19.Red1 O-O 20.Bc2 g6 21.h5 Nf5 22.Qf4 Be2
23.Bxf5 Bxf3 24.hxg6 fxg6 25.Qxh6 Rxf5 26.Qxg6+ Kf8 27.gxf3 c5 28.f4 Rf7
29.Qh6+ Ke7 30.Qg5+ Ke8 31.Qg8+ Ke7 32.Qg5+ Ke8 33.Rxd8+ Qxd8 34.Rxc5 Qxg5+
35.fxg5 Rf5 36.g6 Rg5+ 37.Kf1 Rxg6 38.Ra5 Rg5 39.Ke2 a6 40.Ke3 Kd7 41.f4 Rg2
42.b3 Rg3+ 43.Ke4 Rg2 44.Rxa6 Rc2 45.Ra7+ Kd8 46.Kd4 Ke8 47.Ke3 Kd8 48.Kf3 Ke8
49.Kg4 Rg2+ 50.Kh5 Kd8 51.Rb7 Rxa2 52.Kg5 Rf2 53.Rxb4 Ke7 54.Rb7+ Kd8 55.b4  1-0

[Event "ECC"]
[Site "Rethymnon GRE"]
[Date "2003.09.29"]
[Round "2"]
[White "Timoscenko,G"]
[Black "Najer,E"]
[Result "0-1"]
[WhiteElo "2530"]
[BlackElo "2608"]

1.d4 d5 2.c4 c6 3.Nf3 Nf6 4.cxd5 cxd5 5.Nc3 Nc6 6.Bf4 a6 7.e3 Bg4 8.Be2 e6
9.O-O Be7 10.Ne5 Bxe2 11.Qxe2 Rc8 12.Nxc6 Rxc6 13.Rfc1 O-O 14.a3 Qd7 15.Rc2 Rfc8
16.Rac1 Rc4 17.b3 R4c6 18.Nb1 h6 19.h3 Ne4 20.f3 Nf6 21.Rxc6 Rxc6 22.Rxc6 Qxc6
23.Qb2 a5 24.Qc3 Qxc3 25.Nxc3 Bxa3 26.Bc7 Bb4 27.Na2 Ne8 28.Bd8 Bd2 29.Kf2 a4
30.bxa4 Nd6 31.Ke2 Nc4 32.e4 Kf8 33.g4 Ke8 34.Bh4 Kd7 35.Be1 Bxe1 36.Kxe1 dxe4
37.fxe4 e5 38.dxe5 Ke6 39.Nc1 Kxe5 40.Nb3 b6 41.Kf2 Kxe4 42.Ke2 g6  0-1

[Event "ECC"]
[Site "Rethymnon GRE"]
[Date "2003.10.04"]
[Round "7"]
[White "Najer,E"]
[Black "Ginzburg,Mi"]
[Result "1-0"]
[WhiteElo "2608"]
[BlackElo "2294"]

1.d4 d5 2.c4 e6 3.Nc3 Nf6 4.Nf3 Nbd7 5.cxd5 exd5 6.Bf4 c6 7.Qc2 Be7 8.h3 Nf8
9.e3 Ne6 10.Be5 Bd6 11.O-O-O Qe7 12.Bxd6 Qxd6 13.Kb1 g6 14.Ka1 Ng7 15.g4 Be6
16.Rg1 Qe7 17.Ne5 Nd7 18.Nd3 h5 19.f3 hxg4 20.hxg4 Qd6 21.Rc1 Rh2 22.Qb3 Rb8
23.f4 a5 24.Na4 b5 25.Nac5 Nb6 26.f5 gxf5 27.Ne5 Nc4 28.gxf5 Nxf5 29.Rg8+ Ke7
30.Rxb8 a4 31.Rb7+ Kf6 32.Qc3  1-0

[Event "300 Years"]
[Site "St Petersburg RUS"]
[Date "2003.10.20"]
[Round "3"]
[White "Alaguzov,M"]
[Black "Najer,E"]
[Result "0-1"]
[WhiteElo "2120"]
[BlackElo "2608"]

1.d4 Nf6 2.c4 e6 3.Nf3 Bb4+ 4.Nbd2 b6 5.a3 Bxd2+ 6.Bxd2 Bb7 7.Bg5 h6 8.Bh4 d6
9.e3 Nbd7 10.Bd3 Qe7 11.h3 g5 12.Bg3 Ne4 13.Bh2 f5 14.Qa4 O-O 15.Qc2 Ndf6
16.O-O-O c5 17.Ne1 cxd4 18.f3 b5 19.exd4 bxc4 20.Bf1 Rab8 21.fxe4 Bxe4 22.Qa4 Nd5
23.Nc2 g4 24.Bxc4 Nb6 25.Bxe6+ Qxe6 26.d5 Nxa4 27.dxe6 Rfc8 28.Rd2 Rxb2 29.e7 Rcxc2+
30.Rxc2 Rxc2+ 31.Kd1 Nc3+ 32.Ke1 Re2+ 33.Kf1 Bxg2+  0-1

[Event "300 Years"]
[Site "St Petersburg RUS"]
[Date "2003.10.21"]
[Round "4"]
[White "Najer,E"]
[Black "Ionov,S"]
[Result "1-0"]
[WhiteElo "2608"]
[BlackElo "2547"]

1.Nf3 Nf6 2.c4 c5 3.Nc3 Nc6 4.d4 cxd4 5.Nxd4 e6 6.a3 Be7 7.g3 O-O 8.Bg2 d5
9.O-O dxc4 10.Nxc6 bxc6 11.Bxc6 Rb8 12.Qa4 Bd7 13.Bxd7 Qxd7 14.Qxc4 Rfc8
15.Qa2 Rc5 16.Rd1 Qb7 17.Be3 Rh5 18.Qc4 Rc8 19.Qa4 Bc5 20.Bxc5 Rhxc5 21.Rd2 g6
22.Rad1 Kg7 23.Qf4 Rc4 24.Qf3 Qxf3 25.exf3 Rb8 26.Re1 Rb3 27.Re3 Rc7 28.Kf1 Rcb7
29.Na4 Nd5 30.Rxb3 Rxb3 31.f4 Kf6 32.Nc5 Rb5 33.Ne4+ Ke7 34.Ke2 a5 35.Kd3 Nb6
36.Nc3 Rc5 37.Re2 Nd5 38.Nxd5+ Rxd5+ 39.Kc4 Kd6 40.b4 axb4 41.axb4 Kc6 42.Ra2 Kb6
43.Kc3 Rd1 44.Rd2 Rc1+ 45.Kd4 Re1 46.Rc2 f6 47.Rc8 Re2 48.Rh8 Kc6 49.Rxh7 e5+
50.Kd3 Rxf2 51.Rf7 Kd5 52.Rxf6 e4+ 53.Ke3 Rf3+ 54.Ke2 Rb3 55.Rxg6 Rb2+ 56.Ke3 Rb3+
57.Kf2 Rxb4 58.Rg8  1-0

[Event "300 Years"]
[Site "St Petersburg RUS"]
[Date "2003.10.22"]
[Round "5"]
[White "Shaposhnikov,E"]
[Black "Najer,E"]
[Result "1-0"]
[WhiteElo "2554"]
[BlackElo "2608"]

1.e4 c5 2.Nf3 d6 3.d4 cxd4 4.Nxd4 Nf6 5.Nc3 a6 6.Be2 e6 7.Be3 Be7 8.f4 O-O
9.g4 d5 10.e5 Ne4 11.Nxe4 dxe4 12.g5 Qb6 13.Nf5 Qa5+ 14.Bd2 Qc7 15.Nxe7+ Qxe7
16.c3 b5 17.Be3 Rd8 18.Qc2 Bb7 19.Rd1 Bd5 20.O-O Nd7 21.b3 Nc5 22.Rd4 g6
23.Rfd1 Rdc8 24.Qd2 Nd3 25.Bxd3 exd3 26.Rxd3 a5 27.Bd4 h5 28.gxh6 Qh4 29.Rg3 Qxh6
30.Qf2 Qh5 31.Re1 Kg7 32.Rg5 Qf3 33.Qxf3 Bxf3 34.Rg3 Bd5 35.Re2 Rc6 36.Rh3 Rac8
37.Kf2 Ra8 38.Ke1 a4 39.b4 Rh8 40.Rxh8 Kxh8 41.a3 Rc4 42.Re3 Kg7 43.Kf2 Rc8
44.Bc5 f5 45.exf6+ Kxf6 46.Re5 Kf7 47.Bd4 Bc4 48.Re3 Rd8 49.Rh3 Rd5 50.Rh7+ Kf8
51.Rc7 Rh5 52.Kg3 g5 53.Be5 gxf4+ 54.Bxf4 Rd5 55.h4 e5 56.Bh6+ Kg8 57.Rg7+ Kh8
58.Re7 Rd3+ 59.Kg4 Rxc3 60.Bg7+ Kg8 61.Bxe5 Rxa3 62.h5 Be2+ 63.Kg5 Rh3 64.h6 Bd3
65.Rg7+ Kf8 66.Rd7 Be4 67.Bd6+ Kg8 68.Rg7+ Kh8 69.Be5 Bb1 70.Kf4 Rb3 71.h7 Rxb4+
72.Kg5 Re4 73.Rg8+  1-0

[Event "300 Years"]
[Site "St Petersburg RUS"]
[Date "2003.10.26"]
[Round "9"]
[White "Najer,E"]
[Black "Averjanov,A"]
[Result "1-0"]
[WhiteElo "2608"]
[BlackElo "2398"]

1.e4 c5 2.Nf3 d6 3.d4 cxd4 4.Nxd4 Nf6 5.Nc3 a6 6.Be3 e5 7.Nb3 Be6 8.f3 Nbd7
9.g4 b5 10.g5 Nh5 11.Qd2 Rc8 12.Nd5 Bxd5 13.exd5 Nb6 14.Na5 Nxd5 15.Nb7 Nxe3
16.Nxd8 Nxc2+ 17.Kd1 Nxa1 18.Nxf7 Kxf7 19.Qd5+ Ke8 20.Qb7 Rc5 21.Bh3 Be7
22.Qb8+ Kf7 23.Qxh8 Bxg5 24.f4 Bxf4 25.Qa8 Nc2 26.Qb7+ Kf6 27.Qd7 Ne3+ 28.Ke2 Rc2+
29.Kf3 g6 30.Qxd6+ Kg7 31.Qe7+ Kh6 32.Be6 Rxb2 33.Qf8+ Ng7 34.h4 Nc2 35.Rd1 Rb4
36.Rd7 Kh5 37.Qxg7 Nd4+ 38.Rxd4 Rxd4 39.Qxh7+ Bh6 40.Bf7 e4+ 41.Ke2 Rd6 42.Qh8 Rd2+
43.Ke1 e3 44.Qf6  1-0

[Event "RUS-UKR Blitz g/3"]
[Site "bereg.ru INT"]
[Date "2003.12.14"]
[Round "4"]
[White "Najer,E"]
[Black "Vysochin,S"]
[Result "1-0"]
[WhiteElo "2608"]
[BlackElo "2584"]

1.d4 d5 2.c4 c6 3.Nc3 Nf6 4.e3 a6 5.Qc2 e6 6.Nf3 c5 7.a3 dxc4 8.Bxc4 b5 9.Ba2 Nbd7
10.d5 exd5 11.Nxd5 Bb7 12.e4 Nxd5 13.exd5 Bd6 14.O-O O-O 15.Rd1 h6 16.Be3 Rc8
17.g3 Nf6 18.Nh4 Ng4 19.Bb1 Nf6 20.Nf5 Re8 21.a4 c4 22.axb5 axb5 23.Ra7 Bxd5
24.Rxd5 Nxd5 25.Nxh6+  1-0

[Event "RUS-UKR Blitz g/3"]
[Site "bereg.ru INT"]
[Date "2003.12.14"]
[Round "11"]
[White "Karjakin,Sergey"]
[Black "Najer,E"]
[Result "0-1"]
[WhiteElo "2562"]
[BlackElo "2608"]

1.e4 e5 2.Nf3 Nc6 3.Bb5 Nd4 4.Nxd4 exd4 5.O-O h5 6.d3 Bc5 7.f4 c6 8.Ba4 Nf6
9.h3 a5 10.a3 d5 11.e5 Ng8 12.c3 Ne7 13.cxd4 Bxd4+ 14.Kh2 Nf5 15.Qf3 h4 16.Nc3 Ng3
17.Re1 Nf5 18.Qxd5 Be6 19.Qxd8+ Rxd8 20.Ne4 O-O 21.Ng5 Rd7 22.Nxe6 fxe6 23.Bb3 Kf7
24.Rb1 Bf2 25.Rd1 Rfd8 26.Bd2 b6 27.Bc2 Nd4 28.Rbc1 Bg3+ 29.Kh1 Nxc2 30.Rxc2 Rxd3
31.f5 c5 32.fxe6+ Kxe6 33.b4 axb4 34.axb4 c4 35.Rxc4 Rxd2 36.Rc6+ Kxe5 37.Rg1 Rd1
38.Rc1 Rxc1 39.Rxc1 Rd4 40.Rb1 Re4 41.b5 Re1+  0-1

[Event "RUS-UKR Blitz g/3"]
[Site "bereg.ru INT"]
[Date "2003.12.14"]
[Round "15"]
[White "Vysochin,S"]
[Black "Najer,E"]
[Result "0-1"]
[WhiteElo "2584"]
[BlackElo "2608"]

1.e4 e5 2.Nf3 Nc6 3.Bb5 Nd4 4.Nxd4 exd4 5.Bc4 h5 6.c3 Bc5 7.d3 c6 8.O-O d5
9.exd5 cxd5 10.Bb5+ Kf8 11.Nd2 Bg4 12.Nf3 Qf6 13.Bd2 Ne7 14.h3 Bxf3 15.Qxf3 Qxf3
16.gxf3 Ng6 17.f4 Nh4 18.Rfd1 Rh6 19.c4 Rg6+ 20.Kf1 a6 21.b4 axb5 22.bxc5 dxc4
23.dxc4 bxc4 24.Bb4 Ra4 25.Rab1 Nf5 26.c6+ Rxb4 27.c7 Rc6 28.Rxb4 Rxc7 29.Ke2 d3+
30.Kd2 Nd4 31.Kc3 Ne2+ 32.Kd2 Nxf4 33.Rc1 c3+ 34.Rxc3 Rxc3 35.Rxf4 Ra3 36.Rb4 Rxa2+
37.Kxd3 Rxf2 38.Rxb7 Rf3+ 39.Ke4 Rxh3 40.Rb8+ Ke7 41.Rb7+ Kf6 42.Rb6+ Kg5
43.Rb7 f5+ 44.Ke5 g6 45.Rb1 Re3+ 46.Kd4 Re4+ 47.Kd3 h4 48.Rg1+ Kh5 49.Rh1 g5
50.Rg1 g4 51.Rf1 Kg5 52.Rg1 h3 53.Rh1 Kh4 54.Rh2 Kg3 55.Rh1 Kg2 56.Re1 h2
57.Rxe4 fxe4+ 58.Ke3 h1=Q 59.Kf4 Kf2 60.Kxg4 Qf3+ 61.Kg5 Kg3 62.Kg6 Kg4 63.Kg7 Kg5
64.Kh7 Qf7+ 65.Kh8 Qe7 66.Kg8 Kg6 67.Kh8 Qf8+  0-1

[Event "RUS-UKR Blitz g/3"]
[Site "bereg.ru INT"]
[Date "2003.12.14"]
[Round "16"]
[White "Eljanov,P"]
[Black "Najer,E"]
[Result "0-1"]
[WhiteElo "2597"]
[BlackElo "2608"]

1.Nf3 d5 2.d4 Nf6 3.c4 dxc4 4.e3 g6 5.Bxc4 Bg7 6.O-O O-O 7.Nc3 Ne8 8.Qe2 Nd6
9.Bb3 b5 10.Rd1 Bb7 11.Bd2 Nd7 12.Rac1 c5 13.Nxb5 Bxf3 14.gxf3 Nxb5 15.Qxb5 cxd4
16.Ba5 Nb6 17.exd4 e6 18.d5 Qg5+ 19.Kh1 Qh5 20.Rd3 Be5 21.f4 Bxf4 22.h3 Bxc1
23.Qc6 Rac8 24.Qb7 Nxd5 25.Bxd5 exd5 26.Bc3 Bh6  0-1

[Event "North American Open"]
[Site "Las Vegas USA"]
[Date "2003.12.26"]
[Round "1"]
[White "Najer,E"]
[Black "Eisen,L"]
[Result "1-0"]
[WhiteElo "2608"]
[BlackElo "2238"]

1.e4 c5 2.Nc3 e6 3.Nf3 a6 4.g3 b5 5.Bg2 Bb7 6.d3 d6 7.Ng5 Be7 8.f4 Bxg5 9.fxg5 Ne7
10.O-O Qc7 11.Ne2 Nd7 12.Nf4 g6 13.Nh3 Nc6 14.Nf2 Nde5 15.c3 Qb6 16.Be3 b4
17.Qe2 a5 18.Rfd1 Ba6 19.Qe1 O-O 20.d4 Nc4 21.Ng4 cxd4 22.cxd4 Nxe3 23.Qxe3 Qa7
24.e5 f5 25.Qf4 Qe7 26.Nf6+ Kh8  1-0

[Event "North American Open"]
[Site "Las Vegas USA"]
[Date "2003.12.27"]
[Round "2"]
[White "Boros,De"]
[Black "Najer,E"]
[Result "1/2-1/2"]
[WhiteElo "2393"]
[BlackElo "2608"]

1.e4 c5 2.Nf3 d6 3.d4 cxd4 4.Nxd4 Nf6 5.Nc3 a6 6.Bg5 e6 7.f4 Nbd7 8.Qf3 Qc7
9.O-O-O b5 10.e5 Bb7 11.Qh3 dxe5 12.Nxe6 fxe6 13.Qxe6+ Be7 14.Bxb5 axb5 15.Nxb5 Qc6
16.Nd6+ Kd8 17.fxe5 Kc7 18.Bxf6 gxf6 19.Qxe7 Rxa2 20.Nxb7 fxe5 21.Rd3 Ra1+
22.Kd2 Rxh1 23.Nc5 Rxh2 24.Rxd7+ Kc8 25.Kc3 Rxg2 26.b4 Rg3+ 27.Kb2 Rg4 28.Rb7 Re8
29.Qxh7 Rf8 30.Qh3 Rg8 31.Qh7 Rf8 32.Qe7 Re8 33.Qf7 Rf4 34.Rc7+ Kb8 35.Rb7+ Kc8
36.Qh7 Ref8 37.Qg7 e4 38.Qe5 Qxb7 39.Qe6+ Kb8 40.Nxb7 Kxb7 41.b5 R8f7 42.Kb3 e3
43.c4 e2 44.Qxe2 Rc7 45.Qg2+ Kb8 46.Qg8+ Rc8 47.Qe6 Rcxc4 48.Qxc4  1/2-1/2

[Event "ACP Blitz Prelim4"]
[Site "playchess.com INT"]
[Date "2004.04.15"]
[Round "2"]
[White "Najer,E"]
[Black "Polaczek,R"]
[Result "1-0"]
[WhiteElo "2606"]
[BlackElo "2426"]

1.e4 Nf6 2.e5 Nd5 3.d4 d6 4.Nf3 g6 5.Be2 Bg7 6.O-O O-O 7.exd6 cxd6 8.c3 Nc6
9.Re1 h6 10.Na3 a6 11.Bc4 Nf6 12.h3 b5 13.Bd3 b4 14.Nc2 bxc3 15.bxc3 Qc7
16.Bd2 Na5 17.Ne3 Bb7 18.c4 Ne4 19.Bb4 f5 20.Rc1 Nc6 21.Nd5 Qd8 22.Ba3 Nf6
23.Nf4 e5 24.dxe5 dxe5 25.Ne6 Qc8 26.Nxf8 e4 27.Nxg6 exf3 28.Qxf3  1-0

[Event "ACP Blitz Prelim4"]
[Site "playchess.com INT"]
[Date "2004.04.15"]
[Round "6"]
[White "Najer,E"]
[Black "Fridman,D2"]
[Result "1-0"]
[WhiteElo "2606"]
[BlackElo "2594"]

1.e4 Nf6 2.e5 Nd5 3.d4 d6 4.Nf3 dxe5 5.Nxe5 Nd7 6.Nf3 e6 7.c4 N5f6 8.Nc3 c5
9.Be2 cxd4 10.Nxd4 Bb4 11.O-O O-O 12.Qc2 a6 13.a3 Bc5 14.Rd1 Qc7 15.b4 Bd6
16.h3 a5 17.Ncb5 Bh2+ 18.Kh1 Qb8 19.g3 Bxg3 20.fxg3 Qxg3 21.Qd3 Qh4 22.Rg1 Ne4
23.Kh2 Ndf6 24.Nf3 Qf2+ 25.Rg2 Qb6 26.Bh6 Rd8 27.Rxg7+ Kh8 28.Ne5  1-0

[Event "ACP Blitz Prelim4"]
[Site "playchess.com INT"]
[Date "2004.04.15"]
[Round "13"]
[White "Najer,E"]
[Black "Socko,B"]
[Result "1-0"]
[WhiteElo "2606"]
[BlackElo "2579"]

1.e4 e6 2.d4 d5 3.e5 c5 4.c3 Bd7 5.Nf3 Qb6 6.a3 Nc6 7.b4 cxd4 8.cxd4 Rc8
9.Be3 Nh6 10.Bd3 Nf5 11.O-O Be7 12.Nbd2 O-O 13.Bxf5 exf5 14.Nb3 Be6 15.Qd2 Rc7
16.h4 Rfc8 17.h5 h6 18.Nc5 Bf8 19.Ne1 a5 20.Ned3 axb4 21.axb4 Qb5 22.Rab1 b6
23.Nxe6 fxe6 24.Nf4 Nd8 25.Qd1 Rc4 26.g4 fxg4 27.Qxg4 Qe8 28.Kh1 R8c7 29.Rg1 Rf7
30.Qg6 Qe7 31.Rg4 Rxb4 32.Rbg1 Rxf4 33.Rxf4 Nf7 34.Rf6 Rb3 35.Rg4 Nd8 36.Kg2 Rb2
37.Bxh6 Kh8 38.Rxf8+  1-0

[Event "ACP Blitz Prelim4"]
[Site "playchess.com INT"]
[Date "2004.04.15"]
[Round "15"]
[White "Najer,E"]
[Black "Zaitsev,M"]
[Result "1-0"]
[WhiteElo "2606"]
[BlackElo "2466"]

1.e4 c6 2.d4 d5 3.Nc3 dxe4 4.Nxe4 Bf5 5.Ng3 Bg6 6.h4 h6 7.Nf3 Nd7 8.h5 Bh7
9.Bd3 Bxd3 10.Qxd3 Ngf6 11.Bf4 e6 12.O-O-O Be7 13.Kb1 O-O 14.Qe2 c5 15.dxc5 Bxc5
16.Ne5 Qe7 17.Nd3 Rfc8 18.c3 Nd5 19.Bc1 a5 20.Ne4 N5f6 21.Nxf6+ Nxf6 22.g4 Nh7
23.f4 Qf6 24.Qe4 b6 25.Ne5 Rd8 26.Rd7 Rxd7 27.Nxd7 Qd8 28.Nxc5 bxc5 29.g5 Qd5
30.Qxd5 exd5 31.Re1 Nf8 32.gxh6 gxh6 33.f5 Ra6 34.Re8 Kg7 35.Rd8 d4 36.cxd4 cxd4
37.Bf4 d3 38.Be5+ f6 39.Bc3 Ra7 40.Rxd3 Nd7 41.a4 Nc5 42.Rd4 Kf7 43.Rc4 Nd7
44.Ka2 Ke7 45.Rc6 Ra8 46.Re6+ Kf7 47.Ka3 Rg8 48.Bxa5 Rg5 49.Bb4 Ne5 50.Re7+ Kg8
51.a5 Rxf5 52.a6 Nc6 53.Rc7 Nd4 54.Ka4 Rf1 55.a7  1-0

[Event "ACP Blitz Prelim4"]
[Site "playchess.com INT"]
[Date "2004.04.15"]
[Round "16"]
[White "Battesti,S"]
[Black "Najer,E"]
[Result "1/2-1/2"]
[WhiteElo "1864"]
[BlackElo "2606"]

1.e4 e5 2.Nf3 Nc6 3.Bc4 Bc5 4.c3 Nf6 5.d4 exd4 6.cxd4 Bb4+ 7.Nc3 d6 8.O-O O-O
9.Bg5 Bxc3 10.bxc3 h6 11.Bh4 Bg4 12.Qd3 Re8 13.Nd2 Be6 14.Bb3 Bxb3 15.axb3 g5
16.Bg3 Qe7 17.h4 Kg7 18.hxg5 hxg5 19.Qe3 Nh5 20.Bh2 f5 21.f4 g4 22.e5 d5
23.Rfe1 Rad8 24.Nf1 a6 25.Ng3 Nxg3 26.Bxg3 Rh8 27.Kf2 Qe6 28.Rh1 Rde8 29.Rh4 Ne7
30.Rah1 Ng6 31.Rxh8 Rxh8 32.Rxh8 Kxh8 33.Qe1 Kg8 34.Qh1 Nh8 35.Qh5 Qg6 36.Qxg6+ Nxg6  1/2-1/2

[Event "ACP Blitz Final"]
[Site "playchess.com INT"]
[Date "2004.04.17"]
[Round "2.3"]
[White "Belov,Vl"]
[Black "Najer,E"]
[Result "0-1"]
[WhiteElo "2543"]
[BlackElo "2606"]

1.e4 e5 2.Nf3 Nf6 3.Nxe5 d6 4.Nf3 Nxe4 5.d4 d5 6.Bd3 Bd6 7.O-O O-O 8.c4 c6
9.cxd5 cxd5 10.Nc3 Nxc3 11.bxc3 Nc6 12.Rb1 b6 13.Ng5 h6 14.Qh5 Qd7 15.Nh7 Re8
16.h3 Re4 17.Bxh6 Kxh7 18.Bf4+ Kg8 19.Bxd6 Qxd6 20.Bxe4 dxe4 21.Rfe1 Qg6
22.Qxg6 fxg6 23.g4 Ba6 24.Rbd1 Bc4 25.d5 Na5 26.Rxe4 Rd8 27.d6 Kf8 28.a3 b5
29.f4 Nb7 30.Red4 Nc5 31.Re1 Nb7 32.Re7 Na5 33.Rc7 a6 34.Kf2 Nb3 35.Rd1 Be6
36.Kg3 Na5 37.Re7 Bd7 38.Re4 Nc4 39.a4 Bc6 40.Red4 Nb2 41.Ra1 Nxa4 42.c4 Nc5
43.cxb5 Bxb5 44.Rd5 Ne4+ 45.Kh4 Rxd6 46.Rxd6 Nxd6 47.Kg5 Kf7 48.Rc1 Ne4+
49.Kh4 Bd7 50.Rc7 Ke7 51.Ra7 Nc5 52.Kg5 Kd6 53.Kxg6 Bc6 54.Rxg7 Ne6 55.Rf7 Be8
56.f5 Nd8 57.Kg7 Nxf7 58.h4 a5 59.h5 a4 60.g5 Nxg5 61.f6 a3 62.f7 Bxf7 63.h6 Be6
64.h7 Nxh7 65.Kh8 Bf5  0-1

[Event "ACP Blitz Final"]
[Site "playchess.com INT"]
[Date "2004.04.17"]
[Round "2.2"]
[White "Najer,E"]
[Black "Belov,Vl"]
[Result "1-0"]
[WhiteElo "2606"]
[BlackElo "2543"]

1.d4 Nf6 2.c4 g6 3.Nc3 d5 4.Nf3 Bg7 5.Bg5 c5 6.dxc5 Qa5 7.Bd2 dxc4 8.e4 Qxc5
9.Qa4+ Nc6 10.Qxc4 Qxc4 11.Bxc4 O-O 12.h3 Rd8 13.Be3 Nb4 14.O-O Bd7 15.Rad1 Bc6
16.Ne5 e6 17.Bc5 Bf8 18.Rxd8 Rxd8 19.Bxa7 Rd2 20.a3 Nc2 21.Nf3 Rd8 22.Rc1 Ra8
23.Bb6 Nd7 24.Bc7 Rc8 25.Bf4 Bxe4 26.Nd2 Bf5 27.g4 Nxa3 28.bxa3 Bxa3 29.Re1 Bc2
30.Bb5 Nf6 31.Be5 Be7 32.Re3 h6 33.Nc4 Nd5 34.Rf3 Nxc3 35.Rxc3 Be4 36.Nd2 Rxc3
37.Bxc3 Bd5 38.Nc4 f5 39.Ne3 Be4 40.Bc4 Kf7 41.Kf1 Bg5 42.Ke2 Ke7 43.f3 Bb1
44.Bb3 b5 45.Nc2 Bf4 46.Nd4 Be5 47.Nc6+ Kd6 48.Nxe5 b4 49.Bb2 g5 50.Nf7+ Kc5
51.Nxh6 fxg4 52.fxg4 Bg6 53.Ng8 Bf7 54.Nf6 Kd6 55.Ne4+  1-0